000 00770nam a2200229 a 4500
001 69412
003 BD-RjUL
005 20211209081903.0
008 770524s1974 enka b 101 0 eng
020 _a085334454X
035 _a(BD-RjUL)69623
040 _aDLC
_cDLC
_dDLC
_dBD-RjUL
_beng
041 _aeng
082 0 0 _223
_a665.5
_bREC 1974
245 1 0 _aRecent analytical developments in the petroleum industry /
_cedited by D. R. Hodges.
260 _aBarking :
_bApplied Science Publishers [for] the Institute of Petroleum, Great Britain,
_c1974.
300 _aix, 337 p. :
_bill. ;
_c23 cm.
504 _aIncludes bibliographical references and index.
650 0 _aPetroleum
_xAnalysis
_xCongresses.
_9205615
700 1 _aHodges, D. R.
_9205616
942 _2ddc
_cBK
999 _c69412
_d69412